| 000 | 00414nam a2200145 a 4500 | ||
|---|---|---|---|
| 001 | 000031659 | ||
| 005 | 20200930063102.0 | ||
| 008 | 110629s19uu dr 000 0 spa d | ||
| 040 |
_aDO-SdBNP _bspa _cBNPHU |
||
| 100 | 1 |
_aGrullón, Ruddy _911028 |
|
| 245 | 1 | 3 |
_aLa filosofía de Salvador Jorge Blanco / _cRuddy Grullón. |
| 260 |
_a[Santo Domingo] : _b[s. n.], _c[197u]? |
||
| 300 |
_a7 p. ; _c21 cm. |
||
| 049 | _aBNPD | ||
| 999 |
_c31151 _d31151 |
||